[Event "Olbia CIG U16 24th"]
[Site "Olbia"]
[Date "2016.07.01"]
[Round "8"]
[White "Agnello, Francesco Claudio"]
[Black "Carli, Federico"]
[Result "1-0"]
[WhiteElo "2065"]
[BlackElo "1722"]
[PlyCount "111"]
[EventDate "2016.06.26"]
[EventType "swiss"]
[EventRounds "9"]
[EventCountry "ITA"]
[SourceTitle "EXT 2024"]
[Source "ChessBase"]
[SourceDate "2023.10.10"]
[SourceVersion "1"]
[SourceVersionDate "2023.10.10"]
[SourceQuality "1"]

1. d3 g6 2. e4 Bg7 3. g3 d6 4. Bg2 Nf6 5. f4 0-0 6. Nf3 c5 7. 0-0 Nc6 8. c3 e6 9. h3 d5 10. e5 Nd7 11. a4 Rb8 12. Na3 a6 13. d4 b5 14. axb5 axb5 15. dxc5 Nxc5 16. Nd4 Bd7 17. Nxc6 Bxc6 18. Nc2 Nb3 19. Ra6 Qc7 20. Nb4 Na5 21. Rxa5 Qxa5 22. Nxc6 Qb6+ 23. Nd4 b4 24. cxb4 Qxb4 25. Kh2 Rfc8 26. b3 Qc3 27. Ba3 Bf8 28. Bxf8 Kxf8 29. Qa1 Qc5 30. Qb2 Rb4 31. Rd1 Rcb8 32. g4 Rc4 33. Qd2 Rcb4 34. f5 Qc7 35. Qe3 exf5 36. gxf5 Re8 37. Re1 Qb6 38. f6 Rc8 39. Qh6+ Ke8 40. Nf3 Rxb3 41. e6 fxe6 42. Qxh7 Qc7+ 43. Qxc7 Rxc7 44. Rxe6+ Kd7 45. Re7+ Kd8 46. Rxc7 Kxc7 47. f7 Rb8 48. Ng5 Kd6 49. Nh7 Ke7 50. Bxd5 Rh8 51. Ng5 Rh5 52. h4 Rxh4+ 53. Kg3 Rd4 54. Nh7 Rd3+ 55. Kf4 g5+ 56. Ke4 1-0

[Event "Olbia CIG U16 24th"]
[Site "Olbia"]
[Date "2016.06.30"]
[Round "7"]
[White "Carli, Federico"]
[Black "Palozza, Christian"]
[Result "1-0"]
[WhiteElo "1722"]
[BlackElo "2090"]
[PlyCount "57"]
[EventDate "2016.06.26"]
[EventType "swiss"]
[EventRounds "9"]
[EventCountry "ITA"]
[SourceTitle "EXT 2024"]
[Source "ChessBase"]
[SourceDate "2023.10.10"]
[SourceVersion "1"]
[SourceVersionDate "2023.10.10"]
[SourceQuality "1"]

1. e4 c6 2. d4 d5 3. Nc3 dxe4 4. Nxe4 Bf5 5. Ng3 Bg6 6. h4 h6 7. Nf3 Nd7 8. h5 Bh7 9. Bd3 Bxd3 10. Qxd3 e6 11. Bd2 Ngf6 12. 0-0-0 Qc7 13. Ne4 Nxe4 14. Qxe4 Nf6 15. Qe2 0-0-0 16. c4 Bd6 17. Bc3 c5 18. Kb1 Rhe8 19. dxc5 Bxc5 20. Nd4 a6 21. Nb3 Bb6 22. c5 Rxd1+ 23. Rxd1 Ba7 24. c6 Rd8 25. cxb7+ Qxb7 26. Qc4+ Qc7 27. Qxa6+ Kb8 28. Rxd8+ Qxd8 29. Be5+ 1-0

[Event "Milan SSM Septembre"]
[Site "Milan"]
[Date "2015.09.11"]
[Round "2"]
[White "Carli, Federico"]
[Black "Borgia, Enrico"]
[Result "1-0"]
[WhiteElo "1675"]
[BlackElo "1539"]
[PlyCount "27"]
[EventDate "2015.09.10"]
[EventType "swiss"]
[EventRounds "5"]
[EventCountry "ITA"]
[SourceTitle "EXT 2024"]
[Source "ChessBase"]
[SourceDate "2023.10.10"]
[SourceVersion "1"]
[SourceVersionDate "2023.10.10"]
[SourceQuality "1"]

1. e4 e5 2. Nf3 d6 3. d4 exd4 4. Nxd4 g6 5. Bc4 Qf6 6. c3 Bg7 7. 0-0 Nh6 8. Be3 0-0 9. f3 Bd7 10. Qd2 Qh4 11. Ne2 Ng4 12. fxg4 Qxg4 13. Ng3 Bc6 14. Bd4 1-0

[Event "Milan SSM Septembre"]
[Site "Milan"]
[Date "2015.09.10"]
[Round "1"]
[White "Vezzosi, Paolo"]
[Black "Carli, Federico"]
[Result "1-0"]
[WhiteElo "2353"]
[BlackElo "1675"]
[PlyCount "41"]
[EventDate "2015.09.10"]
[EventType "swiss"]
[EventRounds "5"]
[EventCountry "ITA"]
[SourceTitle "EXT 2024"]
[Source "ChessBase"]
[SourceDate "2023.10.10"]
[SourceVersion "1"]
[SourceVersionDate "2023.10.10"]
[SourceQuality "1"]

1. d4 Nf6 2. Nf3 g6 3. Nc3 d5 4. Bf4 Bg7 5. e3 0-0 6. Be2 c6 7. Ne5 Nbd7 8. Qd2 Nxe5 9. Bxe5 Nd7 10. Bxg7 Kxg7 11. 0-0-0 b5 12. h4 Nb6 13. h5 a5 14. e4 Rh8 15. e5 Be6 16. Bd3 b4 17. Ne2 Nc4 18. Qg5 Qd7 19. hxg6 hxg6 20. Nf4 Bf5 21. e6 1-0

[Event "Milan SSM July"]
[Site "Milan"]
[Date "2015.07.04"]
[Round "3"]
[White "Cazzaniga, Walter"]
[Black "Carli, Federico"]
[Result "1-0"]
[WhiteElo "2163"]
[BlackElo "1677"]
[PlyCount "67"]
[EventDate "2015.07.02"]
[EventType "swiss"]
[EventRounds "5"]
[EventCountry "ITA"]
[SourceTitle "EXT 2024"]
[Source "ChessBase"]
[SourceDate "2023.10.10"]
[SourceVersion "1"]
[SourceVersionDate "2023.10.10"]
[SourceQuality "1"]

1. d4 Nf6 2. c4 g6 3. Nc3 Bg7 4. e4 0-0 5. Nf3 d6 6. Be2 Nbd7 7. 0-0 e5 8. Be3 c6 9. d5 cxd5 10. cxd5 b6 11. Nd2 Bb7 12. b4 Ne8 13. Qb3 f5 14. f3 Ndf6 15. Bb5 Nh5 16. Bc6 Rb8 17. Rae1 f4 18. Bf2 Bc8 19. Re2 Qg5 20. Be1 Nef6 21. Nc4 Ng3 22. hxg3 fxg3 23. Bxg3 Qxg3 24. Ref2 Nh5 25. Ne2 Qg5 26. Nxd6 Rf4 27. Nxc8 Rxc8 28. d6+ Kh8 29. Qe6 Rcf8 30. Nxf4 Nxf4 31. Qg4 Qxg4 32. fxg4 Ne6 33. Rxf8+ Bxf8 34. Rf6 1-0

[Event "Milan SSM July"]
[Site "Milan"]
[Date "2015.07.02"]
[Round "1"]
[White "Astengo, Corrado"]
[Black "Carli, Federico"]
[Result "1-0"]
[WhiteElo "2114"]
[BlackElo "1677"]
[PlyCount "57"]
[EventDate "2015.07.02"]
[EventType "swiss"]
[EventRounds "5"]
[EventCountry "ITA"]
[SourceTitle "EXT 2024"]
[Source "ChessBase"]
[SourceDate "2023.10.10"]
[SourceVersion "1"]
[SourceVersionDate "2023.10.10"]
[SourceQuality "1"]

1. e4 g6 2. d4 Bg7 3. Nc3 c6 4. Bc4 d5 5. exd5 Nf6 6. dxc6 Nxc6 7. Nge2 Bf5 8. 0-0 0-0 9. Bf4 Nh5 10. Be3 Rc8 11. Bb3 Na5 12. Qd2 Nxb3 13. axb3 a6 14. Rac1 Nf6 15. Bh6 Bxh6 16. Qxh6 b5 17. Ng3 Qxd4 18. Nxf5 gxf5 19. Qg5+ Kh8 20. Qxf5 b4 21. Rfd1 Qh4 22. Nd5 Nxd5 23. Rxd5 Qh6 24. Rcd1 e6 25. Qe5+ f6 26. Qxe6 Rxc2 27. Rd8 Rxb2 28. g3 Rxd8 29. Rxd8+ 1-0

[Event "Milan Palladino Memorial-B 7th"]
[Site "Milan"]
[Date "2015.04.06"]
[Round "7"]
[White "Castoldi, Andrea"]
[Black "Carli, Federico"]
[Result "0-1"]
[WhiteElo "1385"]
[BlackElo "1641"]
[PlyCount "74"]
[EventDate "2015.04.02"]
[EventType "swiss"]
[EventRounds "7"]
[EventCountry "ITA"]
[SourceTitle "EXT 2017"]
[Source "ChessBase"]
[SourceDate "2016.10.25"]
[SourceVersion "1"]
[SourceVersionDate "2016.10.25"]
[SourceQuality "1"]

1. e4 e5 2. Nf3 Nc6 3. Nc3 Nf6 4. Bb5 Bc5 5. 0-0 d6 6. d3 0-0 7. Bxc6 bxc6 8. Qe2 Bg4 9. Be3 Bxe3 10. Qxe3 Re8 11. h3 Bh5 12. Nd2 d5 13. exd5 cxd5 14. Qc5 Qe7 15. Qc6 d4 16. Nd5 Nxd5 17. Qxd5 Qd6 18. Qxd6 cxd6 19. Rfe1 d5 20. Kf1 f5 21. f3 Rab8 22. b3 Bg6 23. Kf2 e4 24. fxe4 fxe4 25. Kg3 exd3 26. cxd3 Re3+ 27. Rxe3 dxe3 28. Nf3 Re8 29. Ne1 Rf8 30. Rc1 Rf1 31. d4 Kf7 32. Kg4 Be4 33. Kg3 Kg6 34. h4 Kf5 35. Kh3 e2 36. g4+ Kf4 37. h5 Rh1# 0-1

[Event "Milan Palladino Memorial-B 7th"]
[Site "Milan"]
[Date "2015.04.02"]
[Round "1"]
[White "Carli, Federico"]
[Black "Bonghi, Fabrizio"]
[Result "1-0"]
[WhiteElo "1641"]
[BlackElo "1498"]
[PlyCount "25"]
[EventDate "2015.04.02"]
[EventType "swiss"]
[EventRounds "7"]
[EventCountry "ITA"]
[SourceTitle "EXT 2017"]
[Source "ChessBase"]
[SourceDate "2016.10.25"]
[SourceVersion "1"]
[SourceVersionDate "2016.10.25"]
[SourceQuality "1"]

1. e4 c5 2. c3 d6 3. d4 cxd4 4. cxd4 Nf6 5. Nc3 Nbd7 6. Nf3 e5 7. dxe5 dxe5 8. Bb5 Bc5 9. Nxe5 0-0 10. Nxd7 Nxd7 11. 0-0 f5 12. Qd5+ Kh8 13. Bxd7 1-0

[Event "Milan Carnevale op-B 6th"]
[Site "Milan"]
[Date "2015.02.21"]
[Round "4"]
[White "Carli, Federico"]
[Black "Alidosi, Marco"]
[Result "0-1"]
[WhiteElo "1663"]
[BlackElo "1743"]
[PlyCount "42"]
[EventDate "2015.02.18"]
[EventType "swiss"]
[EventRounds "6"]
[EventCountry "ITA"]
[SourceTitle "EXT 2017"]
[Source "ChessBase"]
[SourceDate "2016.10.25"]
[SourceVersion "1"]
[SourceVersionDate "2016.10.25"]
[SourceQuality "1"]

1. e4 e6 2. d4 d5 3. Nc3 Bb4 4. e5 Bf8 5. Nf3 b6 6. Bb5+ c6 7. Be2 Ba6 8. 0-0 Bxe2 9. Qxe2 Nd7 10. Be3 Ne7 11. Nd2 Nf5 12. f4 c5 13. Nf3 g6 14. g4 Nxe3 15. Qxe3 cxd4 16. Nxd4 Bc5 17. Na4 Bxd4 18. Qxd4 Qh4 19. h3 Qg3+ 20. Kh1 Qxh3+ 21. Kg1 Qxg4+ 0-1

[Event "Milan Carnevale op-B 6th"]
[Site "Milan"]
[Date "2015.02.20"]
[Round "3"]
[White "Carli, Federico"]
[Black "Pasini, Nicolo"]
[Result "1/2-1/2"]
[WhiteElo "1663"]
[BlackElo "1748"]
[PlyCount "58"]
[EventDate "2015.02.18"]
[EventType "swiss"]
[EventRounds "6"]
[EventCountry "ITA"]
[SourceTitle "EXT 2017"]
[Source "ChessBase"]
[SourceDate "2016.10.25"]
[SourceVersion "1"]
[SourceVersionDate "2016.10.25"]
[SourceQuality "1"]

1. e4 Nf6 2. e5 Nd5 3. d4 d6 4. c4 Nb6 5. exd6 exd6 6. Nc3 Be7 7. Nf3 0-0 8. Be2 Bg4 9. 0-0 Nc6 10. b3 Bf6 11. Be3 Re8 12. Rc1 g6 13. Re1 Nb8 14. Qd2 N8d7 15. h3 Bxf3 16. Bxf3 Rb8 17. c5 Nc8 18. Nd5 Bg7 19. c6 bxc6 20. Nb4 Ne7 21. Bg5 f6 22. Rxe7 Qxe7 23. Nxc6 Qf7 24. Nxb8 Nxb8 25. Be3 Qd7 26. d5 a6 27. Qa5 Re7 28. Be2 Qc8 29. Bf1 Qb7 1/2-1/2

[Event "Milan Giugno B"]
[Site "Milan"]
[Date "2014.05.30"]
[Round "2"]
[White "Carli, Federico"]
[Black "Colica, Daniele"]
[Result "1/2-1/2"]
[WhiteElo "1579"]
[BlackElo "1711"]
[PlyCount "44"]
[EventDate "2014.05.29"]
[EventType "swiss"]
[EventRounds "6"]
[EventCountry "ITA"]
[SourceTitle "EXT 2024"]
[Source "ChessBase"]
[SourceDate "2023.10.10"]
[SourceVersion "1"]
[SourceVersionDate "2023.10.10"]
[SourceQuality "1"]

1. e4 d5 2. exd5 Nf6 3. d4 Bg4 4. Nf3 Qxd5 5. Be2 Nc6 6. Nc3 Qh5 7. h3 0-0-0 8. 0-0 e5 9. hxg4 Nxg4 10. Nh4 f5 11. Bxg4 fxg4 12. g3 Nxd4 13. Bd2 g5 14. Bxg5 Nf3+ 15. Nxf3 Rxd1 16. Raxd1 Bg7 17. Nxe5 Bxe5 18. Ne4 Qg6 19. Rfe1 Re8 20. Nf6 Bxf6 21. Rxe8+ Qxe8 22. Bxf6 b6 1/2-1/2

[Event "Milan Carnevale op-B 5th"]
[Site "Milan"]
[Date "2014.03.06"]
[Round "2"]
[White "Carli, Federico"]
[Black "Reforgiato, Antonio"]
[Result "0-1"]
[WhiteElo "1559"]
[BlackElo "1640"]
[PlyCount "50"]
[EventDate "2014.03.05"]
[EventType "swiss"]
[EventRounds "6"]
[EventCountry "ITA"]
[SourceTitle "EXT 2015"]
[Source "ChessBase"]
[SourceDate "2014.11.20"]
[SourceVersion "1"]
[SourceVersionDate "2014.11.20"]
[SourceQuality "1"]

1. e4 c5 2. c3 d6 3. d4 Nd7 4. Nf3 Ngf6 5. Bd3 e6 6. 0-0 Be7 7. Bg5 0-0 8. Nbd2 a6 9. a4 b6 10. Re1 Bb7 11. Qb1 h6 12. Bxf6 Bxf6 13. Nc4 Qc7 14. e5 dxe5 15. Nfxe5 Nxe5 16. Nxe5 Rfd8 17. Ng4 cxd4 18. Nxf6+ gxf6 19. cxd4 Rxd4 20. Ra3 Rh4 21. h3 Qc6 22. f3 Qc5+ 23. Kh1 Rxh3+ 24. gxh3 Bxf3+ 25. Kh2 Qf2# 0-1

[Event "Milan Befana op-B"]
[Site "Milan"]
[Date "2014.01.03"]
[Round "2"]
[White "Da Campo, Giuseppe"]
[Black "Carli, Federico"]
[Result "1-0"]
[WhiteElo "1780"]
[BlackElo "1529"]
[PlyCount "55"]
[EventDate "2014.01.02"]
[EventType "swiss"]
[EventRounds "7"]
[EventCountry "ITA"]
[SourceTitle "EXT 2015"]
[Source "ChessBase"]
[SourceDate "2014.11.20"]
[SourceVersion "1"]
[SourceVersionDate "2014.11.20"]
[SourceQuality "1"]

1. d4 d5 2. c4 c6 3. Nc3 Nf6 4. cxd5 cxd5 5. Bf4 Bf5 6. Nf3 e6 7. e3 Nc6 8. Be2 h6 9. h3 Be7 10. 0-0 0-0 11. a3 Rc8 12. Ne5 Bd6 13. Nxc6 Rxc6 14. Bxd6 Qxd6 15. g4 Bh7 16. f4 Rfc8 17. Bb5 R6c7 18. Bd3 Bxd3 19. Qxd3 Nd7 20. Qd2 Nb6 21. Nb5 Nc4 22. Qf2 Qb6 23. Nxc7 Rxc7 24. Rfc1 Qb3 25. Rc3 Qb5 26. b3 Qa5 27. Rac1 Ne5 28. Rxc7 1-0

[Event "Milan Crespi op-B 34th"]
[Site "Milan"]
[Date "2013.12.07"]
[Round "4"]
[White "Carli, Federico"]
[Black "Botta, Massimiliano"]
[Result "0-1"]
[WhiteElo "1518"]
[BlackElo "1695"]
[PlyCount "53"]
[EventDate "2013.12.04"]
[EventType "swiss"]
[EventRounds "7"]
[EventCountry "ITA"]
[SourceTitle "EXT 2015"]
[Source "ChessBase"]
[SourceDate "2014.11.20"]
[SourceVersion "1"]
[SourceVersionDate "2014.11.20"]
[SourceQuality "1"]

1. e4 c5 2. c3 d5 3. exd5 Qxd5 4. d4 Nc6 5. Nf3 Bg4 6. Be2 Nf6 7. 0-0 e6 8. h3 Bh5 9. Be3 Nd7 10. Nbd2 cxd4 11. Nxd4 Nxd4 12. Bxh5 Nf5 13. Bf3 Qb5 14. Re1 Nxe3 15. Rxe3 Bc5 16. c4 Qxb2 17. Rb1 Qxa2 18. Rxb7 Bxe3 19. Rxd7 Kxd7 20. Ne4+ Bd2 21. Nxd2 Rad8 22. Ne4+ Ke7 23. Qc1 h6 24. Qf4 Qb1+ 25. Kh2 Qb8 26. g3 Qxf4 27. gxf4 0-1

[Event "Milan Province-ch"]
[Site "Milan"]
[Date "2013.01.27"]
[Round "5"]
[White "Frignani, Alessandro"]
[Black "Carli, Federico"]
[Result "1-0"]
[WhiteElo "1327"]
[BlackElo "1437"]
[PlyCount "67"]
[EventDate "2013.01.24"]
[EventType "swiss"]
[EventRounds "6"]
[EventCountry "ITA"]
[SourceTitle "EXT 2014"]
[Source "ChessBase"]
[SourceDate "2013.11.20"]
[SourceVersion "1"]
[SourceVersionDate "2013.11.20"]
[SourceQuality "1"]

1. e4 e5 2. Bc4 Nc6 3. Qf3 Nf6 4. Ne2 Bc5 5. Qb3 Qe7 6. f3 d6 7. a4 Bd7 8. Qxb7 0-0 9. Qb3 Na5 10. Qc3 Nxc4 11. Qxc4 Be6 12. Qc3 Rab8 13. b3 Bb6 14. Ba3 c5 15. Qd3 Rfd8 16. c4 Ba5 17. 0-0 Rb6 18. Ra2 Rdb8 19. Rb2 R6b7 20. Qc2 Nh5 21. Nbc3 Qg5 22. Rfb1 Bh3 23. g3 Nf4 24. Nxf4 exf4 25. Ne2 fxg3 26. hxg3 Re8 27. Qd3 Re6 28. Qe3 Qh5 29. Nf4 Qh6 30. Nxe6 Qxe6 31. Kh2 h5 32. Qf4 Re7 33. d3 Bc7 34. Qh4 1-0